Les 6 départements qui ne touchent "rien" - Statistiques

Statistiques générales
  • Ce quiz a été pris 213 fois
  • Le résultat moyen est 3 sur 6
Statistiques - réponses
indice Réponse % Correct
Moitié-Nord Paris
72%
Moitié-Sud Tarn
54%
Moitié-Nord Hauts-de-Seine
45%
Moitié-Nord Seine-saint-Denis
42%
Moitié-Nord Val-de-Marne
40%
Moitié-Ouest Charente
35%
Aucun quiz correspondant
Distribution des résultats
% des personnes avec chaque résultat
Percentile par nombre de réponses
Votre historique - résultats
Vous n’avez pas pris ce quiz